Haltestellen der Erlauftalbahn - Statistiken

Allgemein
  • Dieses Quiz wurde 18 mal gespielt
  • Das Durchschnittsergebnis liegt bei 8 aus 11
Antwortstatistiken
Haltestelle % Korrekt
Erlauf
100%
Purgstall an der Erlauf
100%
Scheibbs
100%
Wieselburg
100%
Pöchlarn
92%
Mühling-Plaika
54%
Mühling
46%
Petzenkirchen
46%
Schauboden
46%
Saffen
38%
Sölling
38%
Keine übereinstimmenden Quizze gefunden
Verteilung der Resultate
Anzahl Personen mit jedem Resultat
Perzentil nach korrekt beantworteten Fragen
Ihre Resultats-Entwicklung
Sie haben dieses Quiz noch nicht gespielt